| 000 | 00504nam a2200205Ia 4500 | ||
|---|---|---|---|
| 005 | 20250425162742.0 | ||
| 008 | 250425s9999 xx 000 0 und d | ||
| 020 | _a842830694X | ||
| 041 | _aspa | ||
| 082 | _a550 | ||
| 100 | _aASTIER, JEAN LOUIS | ||
| 245 | 0 | _aGEOLOGIA Y PETROLEO: GEOFISICA APLICADA A LA HIDROLOGIA (TOMO 8) | |
| 250 | _a1A ED. | ||
| 260 |
_aEspaƱa _bPARANINFO _c1981 |
||
| 260 | _aMADRID | ||
| 300 | _a420 | ||
| 650 | _aGEOFISICA MINERA | ||
| 942 | _c01 | ||
| 010 | _a105072 | ||
| 999 |
_c235710 _d235710 |
||